LEADER 01815nam 2200553 450 001 9910138013803321 005 20120611145606.0 035 $a(CKB)3280000000011181 035 $a(ItFiC)it 02497919 035 $a(SSID)ssj0000725977 035 $a(PQKBManifestationID)12342109 035 $a(PQKBTitleCode)TC0000725977 035 $a(PQKBWorkID)10766443 035 $a(PQKB)10575443 035 $a(EXLCZ)993280000000011181 100 $a20120611d2012 uy 0 101 0 $afre 181 $ctxt 182 $cc 183 $acr 200 00$aColons et colonies dans le monde romain /$fétudes réunies par Ségolène Demougin et John Scheid 210 $aRoma $cÉcole française de Rome$d2012 215 $a462 p. $cill. b/n 225 0 $aCollection de l'âEcole franðcaise de Rome Colons et colonies dans le monde romain 225 0$aCollection de l'École française de Rome ;$v456 300 $aBibliographic Level Mode of Issuance: Monograph 311 $a2-7283-0912-4 606 $aAcculturation$zRome$vCongresses 606 $aInscriptions, Latin$vCongresses 606 $aRegions & Countries - Europe$2HILCC 606 $aHistory & Archaeology$2HILCC 606 $aItaly$2HILCC 607 $aRome$xColonies$vCongresses 615 0$aAcculturation 615 0$aInscriptions, Latin 615 7$aRegions & Countries - Europe 615 7$aHistory & Archaeology 615 7$aItaly 676 $a930 702 $aDemougin$b Ségolène 702 $aDemougin$b Sâegoláene 702 $aScheid$b John 712 12$aRencontre franco-italienne sur l'âepigraphie du monde romain 801 0$bItFiC 801 1$bItFiC 906 $aBOOK 912 $a9910138013803321 996 $aColons et colonies dans le monde romain$9105495 997 $aUNINA